000 00466cam a2200181ua 4500
020 _c5.00
041 _ahin
_h
082 _a891.54
_bTRI/AD
100 _aTribhuvan, Singh .
245 _aAdhunik hindi kavitha ki svachand dhara /
_cTribhuvan singh.
_hTextual Documents
250 _a2 /
_b.
260 _aVaranasi :
_bHindi Pracharak Pusthakalayam ,
_c1961.
300 _a220 ; .
365 _a5.00
504 _a
942 _cBK
999 _c8377
_d8377